| 000 | 00552cab a2200205 4500 | ||
|---|---|---|---|
| 001 | WB2601-52 | ||
| 008 | 090401t1989 xxu||||| |||| 00| 0 eng d | ||
| 035 | _a(Sirsi) u46678 | ||
| 041 | _aeng | ||
| 245 | _aUS real estate | ||
| 260 | _c1989 | ||
| 350 | _a0 | ||
| 490 |
_aIndependent _v20/12/89 p21 |
||
| 520 | _aThe downturn in the USA property market has hit the share price of two UK banks, Natwest and Royal Bank of Scotland . | ||
| 650 | _aBANK LENDING | ||
| 650 | _aRECESSION | ||
| 690 | _aOVERSEAS | ||
| 942 | _n0 | ||
| 948 | _c04/03/1997 | ||
| 999 |
_c29512 _d29512 |
||